000 00570nam a2200181 a 4500
005 20210219150146.0
008 991125s1938 mx 000 0 spa u
035 _aUPN01000008398
049 _aCE
050 4 _aLB1131
_bL5.2
100 1 _aLima, Salvador M.
245 1 3 _aLa clasificación de alumnos /
_cSalvador M. Lima.
260 _aMéxico :
_bCIPSA,
_c1938.
300 _a11 p.
520 _a"Ponencias [presentadas en las] Jornadas Pedagógicas"
650 4 _aMEDICIONES Y PRUEBAS EDUCATIVAS -
_zMEXICO -
_vDISCURSOS, ENSAYOS, CONFERENCIAS, ETC.
905 _aLibro
999 _c8398
_d8398